The town that went south / (Record no. 3357)
[ view plain ]
| 000 -LEADER | |
|---|---|
| fixed length control field | 01557cam a22002771 4500 |
| 001 - CONTROL NUMBER | |
| control field | 3357 |
| 003 - CONTROL NUMBER IDENTIFIER | |
| control field | FISKH |
| 005 - DATE AND TIME OF LATEST TRANSACTION | |
| control field | 20240229104603.0 |
| 008 - FIXED-LENGTH DATA ELEMENTS--GENERAL INFORMATION | |
| fixed length control field | 750630s1959 xx 000 0 eng |
| 010 ## - LIBRARY OF CONGRESS CONTROL NUMBER | |
| LC control number | 59012015 |
| 035 ## - SYSTEM CONTROL NUMBER | |
| System control number | (OCoLC)1420597 |
| 040 ## - CATALOGING SOURCE | |
| Original cataloging agency | DLC |
| Transcribing agency | FO |
| Modifying agency | DLC |
| Language of cataloging | eng |
| 050 00 - LIBRARY OF CONGRESS CALL NUMBER | |
| Classification number | PZ7.K5754 |
| Item number | To |
| 082 ## - DEWEY DECIMAL CLASSIFICATION NUMBER | |
| Classification number | 823.91 |
| 100 1# - MAIN ENTRY--PERSONAL NAME | |
| Personal name | King, Clive. |
| 245 14 - TITLE STATEMENT | |
| Title | The town that went south / |
| Statement of responsibility, etc. | Clive King ; illustrated by Maurice Bartlett. |
| 250 ## - EDITION STATEMENT | |
| Edition statement | This edition 1970 |
| 260 ## - PUBLICATION, DISTRIBUTION, ETC. | |
| Place of publication, distribution, etc. | New York : |
| Name of publisher, distributor, etc. | Macmillan, |
| Date of publication, distribution, etc. | 1959. |
| 300 ## - PHYSICAL DESCRIPTION | |
| Extent | 122 pages : |
| Other physical details | illustrations ; |
| Dimensions | 20 cm |
| 520 ## - SUMMARY, ETC. | |
| Summary, etc. | This brilliantly original and humorous book from the author of Stig of the Dump tells of how the whole town of Ramsly became adrift in the Channel. It was Gargoyle, the Rectory cat, who first noticed that something very odd was happening in the town of Ramsly... The Railway Station was awash, and Gargoyle's favorite hunting grounds outside the town seemed to somehow become submerged in swirling, choppy, salty water. Then, one by one, as the people of Ramsly woke up, it was discovered that their town had come adrift from the rest of England... they were all floating gently across the Channel into France! But their journey has only begun--Ramsly continues floating south, to Africa and the South Seas, to Australia and farther south to the coldest land in the world. |
| 650 ## - SUBJECT ADDED ENTRY--TOPICAL TERM | |
| Topical term or geographic name entry element | Fantasy |
| Form subdivision | Children's Fiction |
| 700 ## - ADDED ENTRY--PERSONAL NAME | |
| Personal name | Bartlett, Maurice |
| Relator term | illustrator |
| 906 ## - LOCAL DATA ELEMENT F, LDF (RLIN) | |
| a | 7 |
| b | cbc |
| c | oclcrpl |
| d | u |
| e | ncip |
| f | 19 |
| g | y-gencatlg |
| 942 ## - ADDED ENTRY ELEMENTS (KOHA) | |
| Source of classification or shelving scheme | Dewey Decimal Classification |
| Koha item type | Books |
| Suppress in OPAC | No |
| Withdrawn status | Lost status | Source of classification or shelving scheme | Damaged status | Not for loan | Collection | Home library | Current library | Shelving location | Date acquired | Total Checkouts | Full call number | Barcode | Date last seen | Price effective from | Koha item type |
|---|---|---|---|---|---|---|---|---|---|---|---|---|---|---|---|
| Dewey Decimal Classification | Fiction | Footprints International School Library Network Toul Kork Campus | Footprints International School Library Network Toul Kork Campus | 02/29/2024 | KIN Fic PZ7 | FIS01161 | 02/29/2024 | 02/29/2024 | Books |
